|
|
|
|
| LEADER |
00730nam a2200205 a 4500 |
| 001 |
c000083784 |
| 003 |
CARM |
| 005 |
00000000000000.0 |
| 008 |
910726c19631962enk 00011 eng d |
| 019 |
1 |
|
|a 8190828
|5 LACONCORD2021
|
| 035 |
|
|
|a (OCoLC)30234272
|5 LACONCORD2021
|
| 040 |
|
|
|a VLINC
|c VLINC
|
| 100 |
1 |
|
|a Disney, Doris Miles.
|
| 245 |
1 |
0 |
|a Should auld acquaintance /
|c by Doris Miles Disney.
|
| 260 |
|
|
|a London :
|b Hale,
|c 1963, c1962.
|
| 300 |
|
|
|a 190 p. ;
|c 19 cm.
|
| 852 |
8 |
|
|b CARM
|h A2:AM24G0
|i A00693
|p 0098335
|f BK
|
| 082 |
0 |
4 |
|a 813.54
|2 20
|
| 999 |
f |
f |
|i 31aab3f1-38df-53f6-81a9-34edea429f0d
|s 74759329-a0ef-54b3-bf0e-fdd5b361f88c
|
| 952 |
f |
f |
|p Can circulate
|a CAVAL
|b CAVAL
|c CAVAL
|d CARM 1 Store
|e A00693
|f A2:AM24G0
|h Other scheme
|i book
|m 0098335
|